<?xml version="1.0" encoding="UTF-8"?>
<collection xmlns="http://www.loc.gov/MARC21/slim">
 <record>
  <leader>01962nam a2200229Ia 4500</leader>
  <controlfield tag="001">CTU_237768</controlfield>
  <controlfield tag="008">210402s9999    xx            000 0 und d</controlfield>
  <datafield tag="082" ind1=" " ind2=" ">
   <subfield code="a">332.642</subfield>
  </datafield>
  <datafield tag="082" ind1=" " ind2=" ">
   <subfield code="b">Nh100</subfield>
  </datafield>
  <datafield tag="088" ind1=" " ind2=" ">
   <subfield code="a">8340201</subfield>
  </datafield>
  <datafield tag="100" ind1=" " ind2=" ">
   <subfield code="a">Lê, Hà Trang Nhã</subfield>
  </datafield>
  <datafield tag="245" ind1=" " ind2="0">
   <subfield code="a">Hiệu ứng tháng trong sự thay đổi và biến động giá của cổ phiếu trên Sở Giao dịch chứng khoán thành phố Hồ Chí Minh :</subfield>
  </datafield>
  <datafield tag="245" ind1=" " ind2="0">
   <subfield code="b">Luận văn tốt nghiệp Thạc sĩ chuyên ngành: Tài chính - Ngân hàng</subfield>
  </datafield>
  <datafield tag="245" ind1=" " ind2="0">
   <subfield code="c">Lê Hà Trang Nhã ; Trương Đông Lộc (hướng dẫn khoa học)</subfield>
  </datafield>
  <datafield tag="260" ind1=" " ind2=" ">
   <subfield code="a">Cần Thơ</subfield>
  </datafield>
  <datafield tag="260" ind1=" " ind2=" ">
   <subfield code="b">Trường Đại học Cần Thơ</subfield>
  </datafield>
  <datafield tag="260" ind1=" " ind2=" ">
   <subfield code="c">2020</subfield>
  </datafield>
  <datafield tag="520" ind1=" " ind2=" ">
   <subfield code="a">Mục tiêu của nghiên cứu này là kiểm định giả thuyết về sự tồn tại hiệu ứng tháng (monthly effect) trong sự thay đổi và biến động giá của cổ phiếu trên Sở Giao dịch chứng khoán thành phố Hồ Chí Minh (HOSE). Số liệu được sử dụng trong nghiên cứu này là chuỗi chỉ số VN-Index theo tần suất tuần trong khoảng thời gian từ ngày 01/03/2002 đến ngày 31/12/2019. Để kiểm định sự tồn tại của hiệu ứng tháng trong sự thay đổi giá cổ phiếu, mô hình hồi quy đơn giản (OLS), mô hình GARCH(1,1), mô hình GARCH-M(1,1) và mô hình TGARCH(1,1) được áp dụng trong nghiên cứu này. Kết quả nghiên cứu cho thấy rằng hiệu ứng tháng tồn tại trên HOSE. Cụ thể, giá cổ phiếu sẽ tăng vào tháng Hai.</subfield>
  </datafield>
  <datafield tag="650" ind1=" " ind2=" ">
   <subfield code="a">Thị trường chứng khoán,Stock exchanges</subfield>
  </datafield>
  <datafield tag="904" ind1=" " ind2=" ">
   <subfield code="i">Hiếu</subfield>
  </datafield>
  <datafield tag="910" ind1=" " ind2=" ">
   <subfield code="c">tvtrong</subfield>
  </datafield>
  <datafield tag="980" ind1=" " ind2=" ">
   <subfield code="a">Trung tâm Học liệu Trường Đại học Cần Thơ</subfield>
  </datafield>
 </record>
</collection>
